ბათუმის შოთა რუსთაველის სახელმწიფო უნივერსიტეტის ბიბლიოთეკა

Теоретическая механика в примерах и задачах.Т.2: Динамика (ბიბ.ჩანაწერი № 48035)

000 -LEADER
fixed length control field 00752nam a2200229Ia 4500
001 - CONTROL NUMBER
control field 14915
003 - CONTROL NUMBER IDENTIFIER
control field GE_BSU
008 - FIXED-LENGTH DATA ELEMENTS--GENERAL INFORMATION
fixed length control field 181216s||||||||xx |||||||||||||| ||und||
040 ## - CATALOGING SOURCE
Transcribing agency GE_BSU
080 ## - UNIVERSAL DECIMAL CLASSIFICATION NUMBER
Universal Decimal Classification number 531(075.8)
100 ## - MAIN ENTRY--PERSONAL NAME
Personal name Бать,М.И. Джанелидзе,Г.Ю. Кельзон,А.С.
245 ## - TITLE STATEMENT
Title Теоретическая механика в примерах и задачах.Т.2: Динамика
245 ## - TITLE STATEMENT
Remainder of title Учеб. пособие.
245 ## - TITLE STATEMENT
Statement of responsibility, etc. Под.ред.Г.Ю.Джанелидзе
260 ## - PUBLICATION, DISTRIBUTION, ETC.
Place of publication, distribution, etc. Москва
260 ## - PUBLICATION, DISTRIBUTION, ETC.
Name of publisher, distributor, etc. Госиздат
260 ## - PUBLICATION, DISTRIBUTION, ETC.
Date of publication, distribution, etc. 1961
300 ## - PHYSICAL DESCRIPTION
Extent 616стр.22см.
653 ## - INDEX TERM--UNCONTROLLED
Uncontrolled term Статика и кинематика.
653 ## - INDEX TERM--UNCONTROLLED
Uncontrolled term Теоретическая механика.
942 ## - ADDED ENTRY ELEMENTS (KOHA)
Koha item type წიგნი
ეგზემპლარები
Withdrawn status Lost status Damaged status Not for loan Date acquired Barcode Date last seen Price effective from Koha item type
        2018-12-17 18183 2018-12-17 2018-12-17 წიგნი